00867nam a22001817a 4500003000900000008004100009040007100050082002400121110005500145245012000200260003000320300002500350440009200375505014700467650002600614650002500640700002000665AR-CdUCM190425b ||||| |||| 00| 0 spa d aMUNICIPALIDAD PROVINCIAL DEL CUSCOcBIBLIOTECA MUNICIPAL DEL CUSCO aCien,Econ/N°1/1963 aUniversidad Nacional de San Antonio Abad del Cusco aRevista de la Facultad de Ciencias Económicas y Comerciales /cUniversidad Nacional de San Antonio Abad del Cusco aCusco.bGarcilaso,c1963. a362 hojas. :c23 cm. aRevista de la Facultad de Ciencias Económicas y Comerciales.nVolumen 1, N° 01, 1963 aContenido: Historia de la Facultad de Ciencias Económicas y Comerciales de la Universidad del Cuzco. -- El laudo de la Brea y Pariñas. ... aEconomía Política aEconomía comercial aRivero, Roberto